000 00562nam a2200181Ia 4500
008 090124s9999 xx 000 0 und d
082 _b27693
100 _aबनहट्टी राजेंद्र
245 _a लांडगा
250 _a1
260 _bश्री विशाखा प्रकाशन
_c1989
300 _a199
600 _aबनहट्टी राजेंद्र
630 _a लांडगा
700 _aबनहट्टी राजेंद्र
730 _a लांडगा
942 _cBOOK
999 _c94442
_d94442